| 000 | 00757na a2200241 4500 | ||
|---|---|---|---|
| 001 | 15002 | ||
| 003 | MIRAKIL | ||
| 005 | 20181213154908.0 | ||
| 008 | 160902b tu 000 0 | ||
| 035 | _a15002 | ||
| 040 |
_aMilas _btur _cTR-AnCHP |
||
| 082 |
_aATA 410.92 _bA65t 1999 |
||
| 090 | _aATA 410.92 A65t 1999 | ||
| 100 | _aArmutlu, Mehmet | ||
| 245 |
_aTürk dilinin anadoludaki üç temel direği "üç Karamanlı" _bMustafa Kemal Atatürk _cMehmet Armutlu |
||
| 246 | _aMustafa Kemal Atatürk | ||
| 260 |
_aKonya _b[yayl. y.] _c1999 |
||
| 300 |
_a206 s. _c19 sm. |
||
| 650 |
_aTürk halkları _xDil ve diller _yTarih |
||
| 650 |
_aTürk dili _xTarih _yTürk halkları |
||
| 650 |
_aTürk dili _xTarih _yAtatürk, Mustafa Kemal |
||
| 942 |
_2ddc _cBKS |
||
| 999 |
_c2740 _d2740 |
||